000 00258nam a2200085Ia 4500
245 0 _aWater : science and issues. Volume 3 : Land-Pricing
100 _a Dasch, Julius E. New York, 2003
_995985
942 _cBK
008 210817s9999 xx 000 0 und d
999 _c401511
_d401510